| 000 | 00427nam a2200145Ia 4500 | ||
|---|---|---|---|
| 008 | 220214s9999 xx 000 0 und d | ||
| 022 | _a0066-4286 | ||
| 245 | 0 | _aANNUAL REVIEW OF PHYTOPATHOLOGY | |
| 260 |
_bAnnual Reviews Inc., Palo Alto, California _aUSA |
||
| 310 | _aA | ||
| 500 | _aEnding Volume & Year: 33, 1995 | ||
| 500 | _aMissing Volume: 3;6;15;17;18;24;30 | ||
| 500 | _aStarting Volume & Year: 2, 1964 | ||
| 942 | _cBJ | ||
| 999 |
_c3473 _d3473 |
||